Movies Quiz

Random Movies Quiz

Dan's One Word Movie Clues 3 Quiz Stats

 Plays Quiz not verified by Sporcle

Challenge
Share
Tweet
Embed
Score 0/20 Timer 12:00
0 Plays Today
One Word Movie % Correct
BoardGameJumanji
78.3%
50MphSpeed
68.9%
ArrowRobin Hood
34%
DogMobileDumb and Dumber
32.1%
DitkaKicking and Screaming
27.4%
GumGumNight At The Museum
23.6%
CubsRookie Of The Year
23.6%
SkeletonThe Nightmare Before Christmas
22.6%
RapeThe Accused
21.7%
StonedHalf Baked
17.9%
One Word Movie % Correct
ShartedAlong Came Polly
17%
JetEngineDonnie Darko
13.2%
KnicksEddie
12.3%
NewEnglandThe Patriot
12.3%
ParalyzedMillion Dollar Baby
10.4%
LimitBlack Sheep
9.4%
RewindThe Curious Case Of Benjamin Button
7.5%
WalkmanHome Alone 2
5.7%
BasementHouse Arrest
3.8%
PeachCobblerDeuce Bigalow Male Gigolo
1.9%

You're not logged in!

Compare scores with friends on all Sporcle quizzes.
OR
Log In

You Might Also Like...

Show Comments

Extras

Created May 30, 2010SourceReportNominate
Tags:1-word, dan

Top Quizzes Today


Score Distribution

Your Account Isn't Verified!

In order to create a playlist on Sporcle, you need to verify the email address you used during registration. Go to your Sporcle Settings to finish the process.

Report this User

Report this user for behavior that violates our Community Guidelines.

Details: